LEADER 01777nam 2200385Ia 450 001 996391222403316 005 20200824132418.0 035 $a(CKB)1000000000663771 035 $a(EEBO)2240932707 035 $a(OCoLC)ocm33151090e 035 $a(OCoLC)33151090 035 $a(EXLCZ)991000000000663771 100 $a19950918d1551 uy | 101 0 $aeng 135 $aurbn||||a|bb| 200 12$aA proclamacion set furthe by the kynges maiestie, wyth the aduise of his most honorable privey counsail, the xviii. day of July, in the v. yere of his graces most prosperous reigne, against suche as slaunderously whisper and spread abrode false rumours of the further abacing of the coyne$b[electronic resource] 210 $a[London?] $cRichardus Grafton typographus Regius excudebat$dM. D. LI. [1551] 215 $a1 sheet ([1] p.) 300 $aContains wood-cut initial. 300 $aReproduction of original in: Society of Antiquaries. 330 $aeebo-0147 606 $aDevaluation of currency$zEngland$y16th century 606 $aMonetary policy$zEngland 607 $aGreat Britain$xHistory$yEdward VI, 1547-1553 608 $aBroadsides$zLondon (England)$y16th century.$2rbgenr 615 0$aDevaluation of currency 615 0$aMonetary policy 701 $aEdward$cKing of England,$f1537-1553.$01002269 801 0$bEBK 801 1$bEBK 801 2$bWaOLN 906 $aBOOK 912 $a996391222403316 996 $aA proclamacion set furthe by the kynges maiestie, wyth the aduise of his most honorable privey counsail, the xviii. day of July, in the v. yere of his graces most prosperous reigne, against suche as slaunderously whisper and spread abrode false rumours of the further abacing of the coyne$92378945 997 $aUNISA LEADER 01177nam a2200253 a 4500 001 991003895019707536 008 020 $a9788846435033 035 $ab14405106-39ule_inst 040 $aDip.to di Storia, Società e Studi sull'Uomo$bita 082 0 $a362.7 100 1 $aMontecchi, Francesco$0224212 245 10$aAbuso sui bambini: l'intervento a scuola :$blinee-guida e applicazioni operative ad uso di insegnanti, dirigenti scolastici e professionisti dell'infanzia / $cFrancesco Montecchi, Catia Bufacchi 260 $aMilano :$bFranco Angeli,$cc2002 (stampa 2019) 300 $a129 p. ;$c22 cm 490 0 $aStrumenti per il lavoro psico-sociale ed educativo 650 4$aFanciulli disadattati$xAssistenza 700 1 $aBufacchi, Catia$eauthor$4http://id.loc.gov/vocabulary/relators/aut$0504602 907 $a.b14405106$b21-10-20$c21-10-20 912 $a991003895019707536 945 $aLE023 362.7 MON 1 1$g1$i2023000187944$lle023$op$pE19.00$q-$rl$s- $t0$u0$v0$w0$x0$y.i15939996$z21-10-20 996 $aAbuso sui bambini: l'intervento a scuola$91769523 997 $aUNISALENTO 998 $ale023$b21-10-20$cm$da $e-$fita$git $h0$i0